00571nam a2200181Ia 450000500170000000800410001704000180005804100080007608200220008410000240010624500750013025000120020526000430021730000270026065000330028765000340032065000350035420241108144549.0210716s1988 xx 000 0 und d cAIMIT LIBRARY aeng a005.134 21bBHAK aBharucha, Kerman D. aDbase lll plus: bcomprehensive user's manual /cBy Kerman D Bharucha. a1st ed. aNew Delhi :bBPB Publications ;c1988. axi,403p. ;bPBc22 cm. aData processing fundamentals aOperating system fundamentals aAdditional tips and techniques